000 00711nam a2200241Ia 4500
003 OSt
005 20230802144757.0
008 210716s1983 xx 000 0 und d
020 _a906812232
040 _cAIMIT LIBRARY
041 _aeng
082 _a005.101
_21
_bSTEI
100 _aStewart, Ian.
_9129130
245 _aEasy programming for the zx spectrum /
_cBy Ian Stewart and Robin Jones.
250 _a1st ed.
260 _aEngland :
_bShiva Publishing Ltd ,
_c1983.
300 _a139p. ;
_bPB
_c23 cm.
650 _aArithmetic in basic
_9129131
650 _aLooping
_9129132
650 _aProgramming style
_9129133
700 _aJones, Robin.
_9129134
942 _2ddc
_cBK
_e1st ed.
_k005.101 STEI
999 _c180568
_d180568